logo

Bir Sreshtho Munshi Abdur Rouf Library
Jhenaidah Cadet College

বিশ্বাসের যৌক্তিকতা / (Record no. 12625)

MARC details
000 -LEADER
fixed length control field 00660nam a2200217 a 4500
001 - CONTROL NUMBER
JCCL Control Number 12625
003 - CONTROL NUMBER IDENTIFIER
JCCL marc code BD-JhCC
005 - DATE AND TIME OF LATEST TRANSACTION
control field 20221019113921.0
008 - FIXED-LENGTH DATA ELEMENTS--GENERAL INFORMATION
fixed length control field 221019s20172021bg |||| |||| 000 0 ban d
020 ## - INTERNATIONAL STANDARD BOOK NUMBER
International Standard Book Number 9789843434074
035 ## - SYSTEM CONTROL NUMBER
system control number (BD-JhCC)12625
040 ## - CATALOGING SOURCE
Original cataloging agency BD-JhCC
Modifying agency BD-JhCC
041 ## - LANGUAGE CODE
Language code of Book Bangla
082 ## - DEWEY DECIMAL CLASSIFICATION NUMBER
Classification number 297
Author mark and Year AHA 2021
100 ## - MAIN ENTRY--PERSONAL NAME
Personal name আহমেদ, রাফান
245 ## - TITLE STATEMENT
Title বিশ্বাসের যৌক্তিকতা /
Statement of responsibility, etc রাফান আহমেদ
260 ## - PUBLICATION, DISTRIBUTION, ETC. (IMPRINT)
Place of publication, distribution, etc ঢাকা :
Name of publisher, distributor, etc সন্দীপন,
Date of publication, distribution, etc ২০২১
300 ## - PHYSICAL DESCRIPTION
Pagination ১৩৬ পৃ. :
Dimensions ২১ সেমি.
650 ## - SUBJECT ADDED ENTRY--TOPICAL TERM
Topical term or geographic name as entry element story -- islam
942 ## - ADDED ENTRY ELEMENTS (KOHA)
Source of classification or shelving scheme Dewey Decimal Classification
Koha item type Books
Holdings
Source of classification or shelving scheme Damaged status Not for loan Home library Current library Shelving location Date of accession Cost, normal purchase price Total Checkouts Full call number Barcode Date last seen Date checked out Copy number Koha item type
Dewey Decimal Classification     JCC Rouf Library JCC Rouf Library General Stacks 10/19/2022 156.00 4 297 AHA 2021 17439 03/03/2024 01/22/2024 C-1 Books

JCC Library | Contacts | JCC Home

Last Update on 23 September 2017
Copyright @ 2017-2020 JCC Rouf Library
Rouf Library, Jhenidah Cadet College (JCC), Bangladesh